Capitals and Country Initials (North America) Quiz Stats

 Plays Quiz Updated Jun 24, 2012

Challenge
Share
Tweet
Embed
Score 0/23 Timer 08:00
2 Plays Today
Capital, Country Capital and Country % Correct
W, U S AWashington, D.C., United States of America
94.8%
M C, MMexico City, Mexico
86.3%
K, JKingston, Jamaica
84.3%
O, COttawa, Canada
84.2%
P C, PPanama City, Panama
79.2%
H, CHavana, Cuba
78.5%
P P, HPort-au-Prince, Haiti
77.3%
S S, E SSan Salvador, El Salvador
72.4%
G C, GGuatemala City, Guatemala
72.1%
S J, C RSan José, Costa Rica
71%
S D, D RSanto Domingo, Dominican Republic
70%
M, NManagua, Nicaragua
62.7%
Capital, Country Capital and Country % Correct
N, BNassau, Bahamas
62.2%
P S, T TPort of Spain, Trinidad and Tobago
54.2%
T, HTegucigalpa, Honduras
51.8%
B, BBelmopan, Belize
50.1%
K, S V GKingstown, Saint Vincent and the Grenadines
47.9%
B, BBridgetown, Barbados
46%
S J, A BSt. John's, Antigua and Barbuda
46%
S G, GSt. George's, Grenada
42.3%
B, S K NBasseterre, Saint Kitts and Nevis
41.3%
C, S LCastries, Saint Lucia
41.1%
R, DRoseau, Dominica
40.1%

You're not logged in!

Compare scores with friends on all Sporcle quizzes.
Join for Free
OR
Log In

You Might Also Like...

Show Comments

Extras

Top Quizzes Today


Score Distribution

Your Account Isn't Verified!

In order to create a playlist on Sporcle, you need to verify the email address you used during registration. Go to your Sporcle Settings to finish the process.

Report this User

Report this user for behavior that violates our Community Guidelines.

Details: